000 00546nam a22001577a 4500
999 _c533475
_d533475
020 _qHard Cover.
082 _a624.1
100 _aMahmood, Usman
245 _aStudy of calcium aluminate cement (cac) based grout systems containing secondary raw materials (srms) /
_cUsman Mahmood.
260 _aIslamabad :
_bNICE - NUST,
_c2017.
300 _axii, 45 p. ill. ;
_c30cm.
942 _2ddc
_cTHE
650 _aStructural Engineering.
_927385
700 _aProf. Dr. Syed Ali Rizwan.
_927382